К вопросу о применении искусственных нейронных сетей и непрерывных вейвлет-преобразований в задачах распознавания музыкальных образов; Информационные технологии моделирования и управления; № 7 (41)

Detalles Bibliográficos
Parent link:Информационные технологии моделирования и управления.— , 1994-
№ 7 (41).— 2007.— С. 790-794
Autor Principal: Фадеев А. С. Александр Сергеевич
Summary:В фонде НТБ ТПУ отсутствует
Idioma:ruso
Publicado: 2007
Subjects:
Formato: MixedMaterials Capítulo de libro
KOHA link:https://koha.lib.tpu.ru/cgi-bin/koha/opac-detail.pl?biblionumber=600731

MARC

LEADER 00000naa0a2200000 4500
001 600731
005 20250205141315.0
035 |a (RuTPU)RU\TPU\tpu\25269 
035 |a RU\TPU\tpu\25268 
090 |a 600731 
100 |a 20140611d2007 k||y0rusy50 ca 
101 0 |a rus 
102 |a RU 
200 1 |a К вопросу о применении искусственных нейронных сетей и непрерывных вейвлет-преобразований в задачах распознавания музыкальных образов  |f Е. А. Кочегурова [и др.] 
333 |a В фонде НТБ ТПУ отсутствует 
461 |t Информационные технологии моделирования и управления  |d 1994- 
463 |t № 7 (41)  |v С. 790-794  |d 2007 
610 1 |a труды учёных ТПУ 
700 1 |a Фадеев  |b А. С.  |c специалист в области информатики и вычислительной техники  |c проректор по цифровизации - директор центра цифровых образовательных технологий, доцент Томского политехнического университета, кандидат технических наук  |f 1981-  |g Александр Сергеевич  |3 (RuTPU)RU\TPU\pers\29662  |9 14175 
801 1 |a RU  |b 63413507  |c 20140611 
801 2 |a RU  |b 63413507  |c 20140611  |g RCR 
942 |c CR